|
|
|
|
| LEADER |
00950nam a22002772a 4500 |
| 001 |
000043857 |
| 003 |
CZ BrMZK |
| 005 |
20080507072536.0 |
| 007 |
ta |
| 008 |
951201s1994 xr f cze d |
| 015 |
|
|
|a cnb000100158
|
| 020 |
|
|
|a 80-7042-075-8
|
| 035 |
|
|
|a (OCoLC)85651269
|
| 040 |
|
|
|a BOA001
|b cze
|
| 080 |
|
|
|a 808.50-56(075.8)
|2 MRF
|
| 100 |
1 |
|
|a Svobodová, Jana,
|d 1946-
|7 jn20010310263
|4 aut
|
| 245 |
1 |
0 |
|a Česká skladba pro studenty učitelství /
|c Jana Svobodová
|
| 250 |
|
|
|a 1.vyd.
|
| 260 |
|
|
|a Ostrava :
|b Ostravská univerzita,
|c 1994
|
| 300 |
|
|
|a 145 s.
|
| 910 |
|
|
|a BOA001
|b PK-N-0031.391
|b 4-1002.547
|
| 920 |
|
|
|a 000001843
|
| 964 |
|
|
|a Čeština - skladba - učebnice - školy vysoké
|
| 990 |
|
|
|a BK
|
| 996 |
7 |
|
|b 2610013141
|c 4-1002.547
|l MZK
|r Sklad / do 1 hodiny
|n 22
|p p.v.
|w 000043857
|u 000020
|a 1
|e BOA001
|j MZK50
|s A
|
| 996 |
7 |
|
|b 3119985759
|c PK-N-0031.391
|l MZK
|r Sklad / do 1 hodiny
|n 15
|w 000043857
|u 000010
|a 1
|e BOA001
|j MZK50
|s A
|